El mundo donde vivo /

Guardado en:
Autor Principal: Keller, Hellen
Formato: Libro
Publicado: Argentina : Sudamericana, 1962
Series:Piraga, 69
Materias:
Etiquetas: Agregar Etiqueta
Sin Etiquetas, Sea el primero en etiquetar este registro!
LEADER 00498nam a22001935a 4500
001 CEM.cems003574
005 19000101000000.0
008 130507s1962##################000#0#####d
003 CEMS
082 0 4 |a 814.5 
100 1 |a Keller, Hellen 
245 1 0 |a El mundo donde vivo / 
260 |a Argentina :  |b Sudamericana,  |c 1962 
300 |a 185 p. 
490 0 |a Piraga, 69 
653 |a Ensayo eeuu 
653 |a Literatura 
653 |a Sueños 
859 |a CEMS  |b BIB. CEMS - 11 de abril  |h 814.5  |i K282  |p 15518.89  |t Ej.1